000 00331nam a22001457a 4500
008 250114b ||||| |||| 00| 0 eng d
020 _a9789951982160
041 _aSHQIP
080 _2QAR
_a72
082 _272
100 _a20
101 _aNDER
245 _aUJEMBLEDHESI I LUMIT BLINAJE
_cQADRAKU .S.HAZIR
942 _2udc
_cBK
999 _c60634
_d60634